• 首页
  • 本馆介绍
  • 公告通知
  • 最新文献
  • 馆藏检索
  • 电子资源
  • 读者导购
  • 参考咨询
  • 我的图书馆
  • 登录
  • 详细信息显示
  • 放入我的书架
  • 预约/预借图书
  • 作者相关作品
  • 分类相关作品
  • 丛书相关作品
  • 出版社相关作品

书目信息

  • 表格格式
  • 工作单格式
  • 卡片格式
题名:
旅游市场营销学
    
 
作者: 赵西萍 编著
分册:  
出版信息: 北京   科学出版社  2006
页数: 402页
开本: 24cm
丛书名:
单 册:
中图分类: F590.8
科图分类:
主题词: 旅游业--市场营销学--高等学校--教材
电子资源:
ISBN: 7-03-014104-0
000 01037nam0 2200265 450
001 012004059663
005 20070805082357.90
009 012004059663
010    @a7-03-014104-0@dCNY36.00
035    @a(110019)012006067726
100    @a20060803d2006 em y0chiy0110 ea
101 0  @achi
102    @aCN@b110000
105    @ay z 000yy
106    @ar
200 1  @a旅游市场营销学@Alv you shi chang ying xiao xue@e原理·方法·案例@Eyuan li· fang fa· an li@f赵西萍等编著@Fzhao xi ping deng bian zhu
210    @a北京@c科学出版社@d2006
215    @a402页@d24cm
300    @a21世纪高等院校教材 科学版旅游管理专业教材
330    @a本书首先建立旅游市场营销的概念,重点对环境分析、旅游市场营销信息系统、市场调研、市场细分等理论和方法进行了介绍,接着对制定营销战略、产品策略、价格策略等进行了详细的论述,并对旅游市场营销中的公共关系问题、目的地营销进行了介绍。
606 0  @a旅游业@x市场营销学@x高等学校@j教材
690    @aF590.8@v4
701  0 @a赵西萍@Azhao xi ping@4编著
801  0 @aCN@b110019@c20070805
905    @dF590.8@e182@f5
    
    旅游市场营销学:原理·方法·案例/赵西萍等编著.-北京:科学出版社,2006
    402页;24cm
    21世纪高等院校教材 科学版旅游管理专业教材
    
    ISBN 7-03-014104-0:CNY36.00
    本书首先建立旅游市场营销的概念,重点对环境分析、旅游市场营销信息系统、市场调研、市场细分等理论和方法进行了介绍,接着对制定营销战略、产品策略、价格策略等进行了详细的论述,并对旅游市场营销中的公共关系问题、目的地营销进行了介绍。
●
相关链接 在E读中查询图书 在五车中查询图书 在当当中查询图书 在豆瓣中查询图书


正题名:旅游市场营销学     索取号:F590.8/182         预约/预借

序号 登录号 条形码 馆藏地/架位号 状态 备注
1 0852725   208527254   第一样本阅览室/ [索取号:F590.8/182] 在馆    
2 0852726   208527263   密集书库/ [索取号:F590.8/182] 在馆    
3 0852727   208527272   第一借阅区/ [索取号:F590.8/182] 在馆    
4 0852728   208527281   密集书库/ [索取号:F590.8/182] 在馆    
5 0852729   208527290   第一借阅区/ [索取号:F590.8/182] 在馆    
6 0853019   208530197   第一借阅区/ [索取号:F590.8/182] 在馆    
7 0853020   208530204   第一借阅区/ [索取号:F590.8/182] 在馆    
唐山师范学院图书馆 欢迎您!
大连网信软件有限公司© 版权所有